|
|
|
|
| LEADER |
00000nam0a2200000 4500 |
| 001 |
309271 |
| 005 |
20231102002156.0 |
| 020 |
|
|
|a RU
|b 81-85313
|
| 035 |
|
|
|a (RuTPU)RU\TPU\book\334593
|
| 090 |
|
|
|a 309271
|
| 100 |
|
|
|a 20151111d1981 km y0rusy5003 ca
|
| 101 |
0 |
|
|a rus
|
| 102 |
|
|
|a RU
|
| 105 |
|
|
|a a z 001zy
|
| 200 |
1 |
|
|a Фотограмметрия в строительстве и архитектуре
|f А. И. Метелкин
|
| 210 |
|
|
|a Москва
|c Стройиздат
|d 1981
|
| 215 |
|
|
|a 288 с.
|c ил.
|
| 320 |
|
|
|a Библиогр.: с. 286-287
|
| 606 |
1 |
|
|a Фотограмметрия
|x Применение в строительстве
|2 stltpush
|3 (RuTPU)RU\TPU\subj\64205
|9 81117
|
| 610 |
1 |
|
|a архитектура
|
| 610 |
1 |
|
|a инженерно-геодезические работы
|
| 610 |
1 |
|
|a фотограмметрические материалы
|
| 610 |
1 |
|
|a фотограмметрическая съемка
|
| 610 |
1 |
|
|a обработка
|
| 610 |
1 |
|
|a ландшафтное проектирование
|
| 610 |
1 |
|
|a автомобильные дороги
|
| 675 |
|
|
|a 69:528
|v 3
|
| 700 |
|
1 |
|a Метелкин
|b А. И.
|g Анатолий Иванович
|
| 801 |
|
0 |
|a RU
|b RuMRKP
|c 19950704
|g psbo
|
| 801 |
|
1 |
|a RU
|b 63413507
|c 20151111
|
| 801 |
|
2 |
|a RU
|b 63413507
|c 20191225
|g RCR
|
| 942 |
|
|
|c BK
|